000 00962nam a2200217 a 4500
003 0
005 20250310145319.0
008 080827s19uu xx 00 eng d
050 _aPGS RS 165.A56
_b.Ah286 2008
100 _aAhmed, Sharlin B.
245 _aA comparison on the effects of storage temperature and length of storage on the effectiveness of streptomycin and tetracycline on the bacterium E.coli /
_cSharlin B. Ahmed.
260 _aLas PiƱas City, Philippines :
_bSouthville International School and Colleges,
_c2008.
300 _a30 pages :
_billustrations ;
_c28 cm.
504 _aIncludes bibliographical references.
650 _aAntibiotics
_vStorage conditions.
650 _aEscherichia coli
_vDrug effects.
650 _aStreptomycin
_vEffectiveness under different temperatures.
650 _aTetracycline
_vDegradation due to storage.
650 _aBacterial drug resistance
_vEnvironmental factors.
942 _2lcc
_cPASS
999 _c98021
_d98021